| 000 | 00384nam a22001697a 4500 | ||
|---|---|---|---|
| 003 | CEME | ||
| 005 | 20210628203031.0 | ||
| 008 | 210128b xxu||||| |||| 00| 0 eng d | ||
| 020 | _a9789695033128 | ||
| 040 | _c. | ||
| 082 | _a891.4393 MUM | ||
| 100 |
_aMumtaz Mufti _9370 |
||
| 245 | _aGuddi ki kahani | ||
| 260 |
_aLAHORE _bAL-FAISAL _c2006 |
||
| 300 | _a207P | ||
| 942 |
_cBK _2ddc |
||
| 999 |
_c571911 _d571911 |
||